016_ Personnalités nées un 16 janvier par images - Statistiques

Statistiques générales
  • Ce quiz a été pris 27 fois
  • Le résultat moyen est 2 sur 9
Statistiques - réponses
Par images Hint Réponse % Correct
Mannequine Kate Moss
41%
Acteur Richard Bohringer
41%
Footballeur Stephan Lichtsteiner
30%
Chanteuse Kim Jennie
19%
Chanteuse Sade Adu
19%
Réalisateur John Carpenter
11%
Militaire Rubén Fulgencio Batista
7%
Ingénieur André Michelin
0%
Chanteuse Mỹ Tâm
0%
Aucun quiz correspondant
Distribution des résultats
% des personnes avec chaque résultat
Percentile par nombre de réponses
Votre historique - résultats
Vous n’avez pas pris ce quiz